[Event "78th Armenian Chess Ch"]
[Site "Yerevan"]
[Date "2017.08.10"]
[Round "2"]
[White "Sargsyan, Shant"]
[Black "Harutyunian, Tigran K"]
[Result "1/2-1/2"]
[WhiteElo "2416"]
[BlackElo "2513"]
[Annotator "TA"]
[PlyCount "46"]
[EventDate "2017.??.??"]
[EventCountry "ARM"]
[SourceTitle "playchess.com"]
[Source "ChessBase"]
[SourceQuality "1"]

{[%evp 23,46,22,14,4,36,37,27,0,0,0,-1,-4,0,0,0,-4,0,0,0,0,0,0,0,0,0]} 1. d4 Nf6 2. c4 e6 3. Nf3 d5 4. Nc3 c5 5. cxd5 Nxd5 6. g3 Nxc3 7. bxc3 cxd4 8. cxd4 Bb4+ {D41: Queen's Gambit Declined: Semi-Tarrasch with 5 cxd5} 9. Bd2 Bxd2+ 10. Qxd2 b6 11. Bg2 Bb7 12. O-O O-O {LiveBook: 6 Games} 13. a4 Nc6 14. Ne5 Rc8 {[#]} 15. Rfd1 $146 (15. a5 $5) ({Predecessor:} 15. a5 b5 16. Qb2 {0-1 (30) Svidler,P (2762)-Kramnik,V (2801) Sochi 2016}) 15... Qe7 {The position is equal.} 16. Rac1 {[%cal Re5c6]} Nxe5 17. dxe5 Bxg2 18. Kxg2 Rxc1 19. Qxc1 $11 {KQR-KQR} Rd8 20. Rd6 Rxd6 21. exd6 Qxd6 22. Qc8+ Qf8 23. Qb7 Qe8 1/2-1/2

[Event "78th Armenian Chess Ch"]
[Site "Yerevan"]
[Date "2017.08.10"]
[Round "2"]
[White "Kalashian, David"]
[Black "Danielyan, Vahe"]
[Result "1-0"]
[WhiteElo "2389"]
[BlackElo "2344"]
[Annotator "TA"]
[PlyCount "51"]
[EventDate "2017.??.??"]
[EventCountry "ARM"]
[SourceTitle "playchess.com"]
[Source "ChessBase"]
[SourceQuality "1"]

{[%evp 25,51,0,0,0,0,0,0,0,0,0,58,48,264,248,256,267,412,418,536,555,535,555,554,560,604,540,702,690]} 1. c4 Nf6 2. Nc3 c5 3. Nf3 e6 4. g3 b6 5. Bg2 Bb7 6. O-O Be7 7. Re1 d5 8. cxd5 Nxd5 9. e4 Nb4 10. d4 cxd4 11. Nxd4 N8c6 12. Be3 {A30: Symmetrical English: Double Fianchetto and Hedgehog} (12. Nxc6 Qxd1 13. Rxd1 Bxc6 14. Rb1 Rd8 15. Rxd8+ Kxd8 16. a3 Nd3 17. Be3 Kc7 18. f4 a5 19. e5 Rd8 20. Bxc6 Kxc6 {½-½ (28) So,W (2773)-Carlsen,M (2844) Wijk aan Zee 2016}) 12... Nxd4 13. Bxd4 O-O {LiveBook: 11 Games} 14. a3 {The position is equal.} Nc6 15. Be3 Ne5 16. Qe2 Qd3 $146 ({Find the theoretical novelty and annotate with similar games:} 16... Rc8 17. Red1 Qe8 18. f4 Nc4 19. Bf2 Bc5 20. a4 Qe7 21. Nb5 Bxf2+ 22. Qxf2 a6 23. Na7 Rc5 24. b3 Ba8 25. bxc4 Qxa7 26. a5 Rfc8 {½-½ (26) Ftacnik,L (2475)-Van der Wiel,J (2465) Valetta 1980}) 17. Qh5 Ng6 ({Better is} 17... Bf6 $11) 18. Red1 $14 Qc2 $2 (18... Qc4 $14) 19. Qb5 $1 $18 Rac8 {intending ...Bc6.} 20. Rd2 $1 {[%cal Rd2c2]} Bc6 {[#]} (20... Rxc3 $142 21. Rxc2 Rxc2) 21. Qc4 $1 ({Weaker is} 21. Rxc2 Bxb5 22. Rd2 Bc6 $14) (21. Qxc6 Qxd2 22. Qxc8 Qxb2 $17) 21... b5 {[#] aiming for ...Qxd2.} 22. Qa2 $1 {White is clearly winning.} ({Less strong is} 22. Rxc2 bxc4 23. f4 (23. Bxa7 Ne5 $16) 23... a6 $16) (22. Qxc6 Qxd2 23. Qxc8 Qxb2 $14) 22... Qxd2 23. Bxd2 Ne5 24. Bf4 Nc4 25. Rd1 a5 26. a4 {Precision: White = 100%, Black = 52%.} 1-0

[Event "78th Armenian Chess Ch"]
[Site "Yerevan"]
[Date "2017.08.10"]
[Round "2"]
[White "Torosyan, Norayr"]
[Black "Mikaelyan, Arman"]
[Result "1-0"]
[WhiteElo "2350"]
[BlackElo "2486"]
[Annotator "TA"]
[PlyCount "59"]
[EventDate "2017.??.??"]
[EventCountry "ARM"]
[SourceTitle "playchess.com"]
[Source "ChessBase"]
[SourceQuality "1"]

{[%evp 26,59,17,10,13,13,53,52,50,32,29,32,33,26,83,64,57,61,88,87,88,87,343,345,333,347,430,414,1193,369,954,969,29989,29990,29992,29990]} 1. e4 e5 2. Nf3 Nc6 3. Bb5 a6 4. Ba4 Nf6 5. O-O Be7 6. d3 b5 7. Bb3 d6 8. a3 O-O 9. Nc3 Be6 {C77: Ruy Lopez: 3...a6 4 Ba4 Nf6, unusual lines} (9... Bg4 10. Be3 Nd4 11. Bxd4 exd4 12. Nd5 Nd7 13. h3 Bxf3 14. Qxf3 a5 15. c3 dxc3 16. bxc3 c6 17. Nxe7+ Qxe7 18. d4 {1-0 (59) Naiditsch,A (2712)-Ponomariov,R (2699) Danzhou 2017}) 10. Nd5 Nd4 11. Nxd4 exd4 12. Nxe7+ Qxe7 13. Bg5 Bxb3 14. cxb3 {LiveBook: 3 Games} Qe6 15. f4 {[%cal Bf2f4,Bf4f5,Bf5f6][%mdl 32]} Nd7 16. f5 Qe5 17. Qc1 $146 ({Predecessor:} 17. b4) 17... c5 18. f6 {And now fxg7 would win.} g6 $1 19. Bh4 {Black must now prevent Qh6.} Kh8 (19... Qh5 $11 {remains equal.} 20. Bg3 d5) 20. Qh6 $16 {[%csl Gf6][%cal Rh6g7]} Rg8 21. Bg5 Qe6 {[#]} 22. Rf3 $1 $40 {[%mdl 128] White goes for the king.} Nf8 23. Raf1 Qxb3 $2 {[%mdl 8192]} (23... Qg4 $16) 24. Qh4 $18 h5 {[#]} ({Don't blunder} 24... Qxb2 $2 25. Bh6 $18) 25. g4 $1 Qe6 ({Of course not} 25... Qxb2 26. gxh5 gxh5 27. Qxh5+ Nh7 28. Rg3 (28. Rh3 $2 Rxg5+ 29. Qxg5 Rg8 $19)) 26. gxh5 gxh5 (26... Nh7 $142) 27. Qxh5+ Nh7 28. Rg3 Rg6 29. Rf4 Qc8 30. Bh6 {Precision: White = 84%, Black = 35%.} 1-0

[Event "78th Armenian Chess Ch"]
[Site "Yerevan"]
[Date "2017.08.10"]
[Round "2"]
[White "Manukyan, Sargis A"]
[Black "Mkrtchyan, Eduard"]
[Result "1-0"]
[WhiteElo "2233"]
[BlackElo "2203"]
[Annotator "TA"]
[PlyCount "101"]
[EventDate "2017.??.??"]
[EventCountry "ARM"]
[SourceTitle "playchess.com"]
[Source "ChessBase"]
[SourceQuality "1"]

{[%evp 9,101,34,62,45,59,56,61,49,56,47,52,36,58,69,107,102,103,110,209,203,210,208,206,202,324,316,302,274,314,241,244,256,235,172,169,156,170,155,174,174,196,198,278,293,392,324,334,336,337,288,335,323,314,293,495,490,521,525,500,475,616,605,537,530,377,380,785,760,995,977,1068,1068,1031,1024,888,695,4718,4714,12174,10050,6187,5281,29965,29961,29965,29966,29983,29984,29984,29985,29985,29986,29985,29986]} 1. d4 d5 2. c4 c6 3. Nc3 Nf6 4. e3 Bf5 5. cxd5 Nxd5 6. Bc4 {D10: Slav Defence: 3 cxd5 (without early Nf3) and 3 Nc3} (6. Bd3 Bxd3 7. Qxd3 g6 8. Nf3 Bg7 9. O-O O-O 10. Rd1 Nd7 11. Bd2 Nxc3 12. Bxc3 Nb6 13. a4 a5 {½-½ (31) Roiz,M (2657)-Oleksienko,M (2546) Israel 2010}) 6... Nxc3 7. bxc3 e6 8. Ne2 {White is slightly better.} Nd7 9. O-O Bd6 10. f3 $146 {[%cal Bf2f3,Bf3f4][%mdl 32]} ({Predecessor:} 10. f4 Nf6 11. Ng3 Qa5 12. Bd2 O-O 13. Qf3 Bg4 {1-0 (52) Mueller Dehn,C (2181)-Mueller,M (2264) Dresden 2013}) 10... Qh4 11. g3 Qf6 12. e4 {[%cal Be3e4,Be4e5][%mdl 32]} Bh3 {[#]} 13. Rf2 $1 g5 (13... Qd8 $16) 14. f4 $18 {e5 is the strong threat.} Qg7 15. fxg5 Bg4 16. Qf1 Qg6 (16... O-O {is a better defense.} 17. e5 Be7) 17. e5 Be7 18. Nf4 Qg8 19. h3 Bf5 20. g4 Bg6 21. Ne2 Nb6 22. Bb3 $36 {[%mdl 2048] White is really pushing.} O-O-O 23. Ng3 Nd5 24. Bd2 Rd7 25. Qe2 Qd8 {[#]} (25... h6 $142) 26. h4 $1 {[%cal Bh3h4,Bh4h5][%mdl 32]} Ba3 27. h5 Bb2 28. Raf1 ({Don't take} 28. hxg6 Bxa1 29. gxf7 Bb2) 28... Nxc3 29. Bxc3 Bxc3 30. hxg6 hxg6 31. Rxf7 Rxd4 $2 (31... Kb8 32. Rxd7 Qxd7) 32. Ne4 Bb4 33. Nd6+ Bxd6 34. exd6 Rxd6 35. Bxe6+ Kb8 36. Qe5 Re8 37. Qf4 {Strongly threatening Rd7.} Qb6+ $2 (37... Ka8) 38. Kg2 Qd4 39. Rf8 Rxf8 40. Qxd4 Rxd4 41. Rxf8+ {[%mdl 4096] Endgame KRB-KR} Kc7 42. Rf7+ Kd6 43. Rd7+ Ke5 44. Rxd4 Kxd4 {KB-KP} 45. Bf7 c5 46. Bxg6 {White mates.} c4 47. Kf3 b5 48. Kf4 Kd5 49. Bf5 Kd6 50. g6 Ke7 51. Kg5 {Precision: White = 90%, Black = 37%.} 1-0

[Event "78th Armenian Chess Ch"]
[Site "Yerevan"]
[Date "2017.08.11"]
[Round "3"]
[White "Petrosyan, Manuel"]
[Black "Baghdasaryan, Vahe"]
[Result "1-0"]
[WhiteElo "2565"]
[BlackElo "2469"]
[Annotator "TA"]
[PlyCount "124"]
[EventDate "2017.??.??"]
[EventCountry "ARM"]
[SourceTitle "playchess.com"]
[Source "ChessBase"]
[SourceQuality "1"]

{[%evp 19,124,8,35,18,20,46,31,31,39,16,16,16,6,16,6,0,33,40,24,32,106,28,28,28,28,35,33,43,34,41,29,44,35,40,72,74,92,98,109,114,150,153,150,131,148,133,243,141,146,145,197,182,185,186,189,190,179,186,243,187,248,228,237,242,236,224,191,167,296,281,285,267,221,167,167,159,706,660,747,604,883,889,808,602,826,800,749,720,545,534,750,691,481,775,727,390,1016,693,5189,2006,6199,5057,29961,29957,29964,6414,29990]} 1. d4 d5 2. c4 c6 3. Nf3 Nf6 4. e3 Bf5 5. Nc3 e6 6. Nh4 Be4 7. f3 Bg6 8. Qb3 Qc7 9. Bd2 {D12: Slav Defence: 3 Nf3 Nf6 4 e3 Bf5} Be7 (9... a6 10. Rc1 dxc4 11. Bxc4 Nbd7 12. a4 Be7 13. g3 Bh5 14. O-O O-O 15. Ng2 Rad8 16. Nf4 Kh8 {½-½ (34) So,W (2822)-Caruana,F (2817) chess.com INT 2017}) 10. Rc1 a6 {LiveBook: 3 Games} 11. cxd5 {White is slightly better.} Nxd5 12. Nxg6 hxg6 13. g3 $146 ({Predecessor:} 13. Ne2 Nd7 14. e4 N5b6 15. a4 a5 16. g3 Bb4 {0-1 (36) Chibukhchian,A (2446)-Petrosian,T (2639) Yerevan 2014}) 13... Nd7 14. Ne2 N5f6 15. Bg2 e5 16. O-O exd4 17. Nxd4 Bc5 18. Bb4 Bxb4 19. Qxb4 Qe5 (19... Qb6 $14 20. Qxb6 Nxb6) 20. Qxb7 ({Better is} 20. Rfe1 $16) 20... Rb8 $11 ({Much weaker is} 20... Qxe3+ 21. Kh1 $16) 21. Qxc6 {aiming for Qc3.} Qxe3+ 22. Kh1 O-O ({Don't go for} 22... Qxd4 $2 23. Rfe1+ Ne4 24. Rxe4+ Qxe4 25. Qxe4+ $18) 23. Nb3 $36 {[%mdl 2048] White is more active.} Ne5 24. Qc5 Qxc5 25. Rxc5 Nd3 26. Ra5 Rfc8 27. Rb1 Rc2 28. Bf1 $1 {[%cal Rf1d3]} Rd8 {[#]} 29. Kg1 $1 {Rd1 is the strong threat.} Nxb2 30. Rc5 ({Don't play} 30. Rxa6 $6 Nd1 $14) 30... Rxc5 31. Nxc5 Rd2 32. Bxa6 Nd5 (32... Rc2 $16 {is a better defense.} 33. a4 Kf8) 33. Nb3 (33. Ne4 $18 Rd1+ 34. Rxd1 Nxd1 35. a4) 33... Rc2 $16 34. Rc1 Rxc1+ (34... Rc7 $16 {was called for.} 35. Rxc7 Nxc7) 35. Nxc1 {[%mdl 4096] Endgame KBN-KNN} Kf8 36. Nd3 Nd1 37. Bc4 N1c3 38. h4 Ne3 (38... Ke7 $142 39. Bb3 Kd6) 39. Bb3 $18 Nf5 40. Kf2 Nd4 41. Ne5 Nxb3 42. axb3 {KN-KN} Nd5 43. f4 Ne7 (43... Ke8 $142 44. Nc4 Kd7) 44. b4 {[%cal Bb3b4,Bb4b5,Bb5b6,Bb6b7][%mdl 32]} f6 45. Nc4 Kf7 46. b5 Ke6 47. b6 Kd5 $2 (47... Kd7 $16 48. b7 Kc7) 48. b7 Nc6 49. Ne3+ Ke4 50. Ke2 Nd4+ 51. Kf1 Nc6 52. Kf2 Nb8 53. Ke2 Nc6 54. Nc4 Kd5 55. Kd3 Nb4+ 56. Ke3 Nc6 57. Nd2 Nb8 $2 {[#]} (57... Kd6 58. Nb3 Kc7) 58. f5 $1 {[%mdl 512]} gxf5 {[#] If Black can now play ...g6 this consolidates a bit.} 59. h5 $1 Ke5 60. Nf3+ Kd6 61. Kf4 Nc6 62. Nd4 {White wants to mate with Nxc6.} Kd5 {Precision: White = 84%, Black = 43%.} 1-0

[Event "78th Armenian Chess Ch"]
[Site "Yerevan"]
[Date "2017.08.11"]
[Round "3"]
[White "Harutyunian, Tigran K"]
[Black "Harutjunyan, Gevorg"]
[Result "1-0"]
[WhiteElo "2513"]
[BlackElo "2454"]
[Annotator "TA"]
[PlyCount "113"]
[EventDate "2017.??.??"]
[EventCountry "ARM"]
[SourceTitle "playchess.com"]
[Source "ChessBase"]
[SourceQuality "1"]

{[%evp 23,113,14,47,47,58,34,42,31,37,35,29,28,70,78,120,58,132,136,161,157,191,187,189,193,195,179,183,166,195,167,165,166,160,120,181,183,181,115,188,161,186,185,227,231,233,218,269,275,341,309,472,304,311,329,294,314,352,371,334,382,402,397,329,256,745,745,695,642,802,757,963,877,1147,1137,1102,778,1022,1008,1002,990,972,947,1639,1310,1370,1011,1212,1042,29983,29983,29983,29984]} 1. d4 Nf6 2. Nf3 g6 3. c4 Bg7 4. g3 O-O 5. Bg2 d6 6. O-O Nbd7 7. Nc3 e5 8. b3 Re8 9. e4 exd4 10. Nxd4 c6 11. Be3 Nc5 12. f3 a5 13. Qd2 {E68: King's Indian: Fianchetto: 6...Nbd7 7 0-0 e5 8 e4} (13. Qc2 Qe7 14. Rad1 Nfd7 15. Rfe1 Nb6 16. Bf1 Nbd7 17. h3 Na6 18. Bg2 Ndc5 19. a3 Bd7 20. Kh2 Nc7 {1-0 (74) Van Oosterom,J (2779)-Soberano,J (2607) ICCF email 2006}) 13... a4 14. Rab1 (14. b4 $5 {[%cal Rb4c5]}) 14... axb3 15. axb3 {White is slightly better.} Nfd7 $146 ({Find the theoretical novelty and annotate with similar games:} 15... Qe7 16. b4 Ncd7 17. Ra1 Rxa1 18. Rxa1 Ne5 19. Qe2 Be6 20. Nxe6 Qxe6 {½-½ (38) Soreghy,J (1896)-Pott,B (1841) LSS email 2010}) 16. Rfd1 Ne5 17. Nde2 {Black must now prevent Bxc5.} Ne6 18. h3 f5 19. Qxd6 (19. f4 $16) 19... Qa5 (19... Qxd6 $14 20. Rxd6 Nd7) 20. Qd2 $16 Qb4 21. f4 {aiming for exf5.} Nf7 22. e5 Rd8 23. Qc2 Rxd1+ 24. Nxd1 Bf8 25. Kh2 Qa5 26. Bd2 Bb4 27. Bxb4 Qxb4 28. Qc3 Qb6 (28... Qxc3 $16 29. Ndxc3 Ra3) 29. b4 $18 Ra2 30. Qd3 (30. Nc1 $18 Ra4 31. Ne2) 30... Qa7 (30... Qd8 $16 31. Qxd8+ Nexd8) 31. c5 Nc7 32. Nd4 {[%cal Be2d4,Bd4c2,Bc2e1,Be1d3][%mdl 32]} Ne6 33. Nc2 Qa4 34. Nb2 {[%cal Bd1b2,Bb2c4,Bc4b6][%mdl 32]} Qa7 35. Nc4 Qa4 36. Ne1 Qb5 (36... Qa6 $142 37. Nb6 Qxd3 38. Nxd3 Rd2) 37. Nb6 Qxd3 38. Nxd3 Rd2 39. Nb2 ({Don't play} 39. Nxc8 $6 Rxd3 40. b5 Nfd8 $16) 39... Bd7 40. N2c4 Rd4 41. Nd6 Nxd6 42. exd6 ({Weaker is} 42. Nxd7 Ne8 $14) 42... Be8 43. Ra1 {Threatens to win with Ra8.} h5 $2 (43... Rxb4 44. d7 Bxd7) 44. Ra8 Kf7 45. Rb8 h4 46. Rxb7+ Kf6 47. gxh4 Rd2 48. d7 {[%cal Rd7e8]} Bf7 49. Nc4 Rc2 50. Nd6 Nd8 {[#]} 51. Nxf7 $3 {[%mdl 512]} Kxf7 {[%mdl 4096] Endgame [#] KRB-KRN} (51... Nxf7 52. Rb6) 52. b5 $1 Ke7 {[#]} 53. bxc6 $1 Nxc6 54. Rc7 Nd4 55. c6 Nf3+ 56. Kg3 Ne1 57. Bf1 {Precision: White = 82%, Black = 26%.} 1-0

[Event "78th Armenian Chess Ch"]
[Site "Yerevan"]
[Date "2017.08.11"]
[Round "3"]
[White "Hayrapetyan, Hovik"]
[Black "Kalashian, David"]
[Result "0-1"]
[WhiteElo "2502"]
[BlackElo "2389"]
[Annotator "TA"]
[PlyCount "114"]
[EventDate "2017.??.??"]
[EventCountry "ARM"]
[SourceTitle "playchess.com"]
[Source "ChessBase"]
[SourceQuality "1"]

{[%evp 14,114,0,-2,7,6,4,-1,2,-20,-22,-4,1,-33,-27,-27,10,8,18,0,19,0,0,0,0,0,0,-15,-13,-27,0,0,-6,-19,0,0,0,0,0,0,0,0,0,-15,-14,-31,0,-40,0,0,0,0,0,-33,-33,-33,-33,-33,-33,-101,-61,-56,-33,-68,-36,-57,-33,-58,-55,-63,-58,-76,-78,-100,-28,-40,-32,-60,-66,-194,-175,-160,-94,-95,-77,-98,-81,-125,-96,-91,-96,-468,-482,-484,-483,-962,-952,-925,-909,-1058,-992,-4702,-1258]} 1. d4 g6 2. e4 c6 3. Nc3 Bg7 4. Nf3 d6 5. Bc4 Nf6 6. Qe2 O-O 7. O-O b5 8. Bd3 {LiveBook: 5 Games. B08: Pirc Defence: Classical System} Bg4 9. h3 Bxf3 $1 10. Qxf3 {The position is equal.} Nbd7 11. Ne2 $146 ({Find the theoretical novelty and annotate with similar games:} 11. Bg5 Qc7 12. a4 b4 13. Ne2 c5 14. dxc5 Nxc5 15. Bd2 Rab8 {0-1 (23) Goswami,V (2156)-Karthikeyan,M (2579) Biel 2017}) 11... e5 12. c3 Re8 13. Bc2 d5 14. exd5 e4 15. Qg3 Nxd5 16. a4 N7b6 17. Nf4 b4 18. Re1 bxc3 19. bxc3 e3 20. fxe3 (20. Bxe3 $5 Nxc3 21. a5 $15) 20... Nxc3 21. Bd2 Ne4 22. Bxe4 $1 Rxe4 23. Qf3 Qe8 24. Rec1 Bh6 25. a5 Nd5 26. Nxd5 cxd5 27. Rc7 Rc8 28. Rxc8 Qxc8 29. Rc1 Qe6 {[%cal Rh6e3]} 30. Kf2 Bg5 31. Rc7 a6 32. Rb7 Kg7 33. Rb6 Qc8 $1 34. Qe2 Re6 35. Qd3 Bd8 36. Rb1 (36. Rxe6 $15 Qxe6 37. Ke2) 36... Bh4+ 37. Kg1 Bg5 38. Qb3 Qd7 39. Rc1 Rf6 40. Qd3 Qd6 41. Rf1 Re6 42. Rf3 h5 43. Qf1 f5 (43... Re7 $17) 44. Qb1 Bd8 45. Rf1 Bc7 46. Rc1 (46. Qb4 $15) 46... Re7 $19 47. Qb3 {[#] intending Kf1.} Rf7 (47... Qh2+ $142 $1 48. Kf1 f4 49. Rxc7 Rxc7 50. exf4 Qh1+ 51. Kf2 Rd7) 48. Kf1 $17 {[#]} f4 $1 {[%cal Rf4e3][%mdl 512]} 49. exf4 Rxf4+ 50. Ke2 Rf7 ({Much worse is} 50... Rxd4 $6 51. Be3 $11 (51. Qe3 $2 Re4 $19)) 51. Rc5 Qe6+ 52. Kd3 $2 {[%mdl 8192]} (52. Qe3 $17 {was the crucial defense.} Qf5 53. Rc1) 52... Qe4+ $19 {Black is clearly winning.} 53. Kc3 Qxg2 54. Qxd5 (54. Qc2 $142 Qxh3+ 55. Kb2) 54... Rf3+ 55. Kc2 Bf4 56. Qb7+ Kh6 $1 57. Rxh5+ gxh5 {Precision: White = 35%, Black = 67%.} 0-1

[Event "78th Armenian Chess Ch"]
[Site "Yerevan"]
[Date "2017.08.11"]
[Round "3"]
[White "Mikaelyan, Arman"]
[Black "Manukyan, Sargis A"]
[Result "1-0"]
[WhiteElo "2486"]
[BlackElo "2233"]
[Annotator "TA"]
[PlyCount "81"]
[EventDate "2017.??.??"]
[EventCountry "ARM"]
[SourceTitle "playchess.com"]
[Source "ChessBase"]
[SourceQuality "1"]

{[%evp 12,81,28,2,23,12,20,13,51,39,100,96,89,44,42,42,48,49,47,49,74,70,76,72,83,93,141,126,127,117,111,116,153,164,152,157,168,170,174,165,179,177,175,172,180,175,188,172,231,166,462,360,570,342,316,331,322,342,376,352,445,456,817,778,1837,1494,4574,3208,2600,2544,2372,2058]} 1. d4 d5 2. c4 e6 3. Nf3 Nf6 4. Nc3 Be7 5. Bf4 c5 6. dxc5 Na6 7. g3 {LiveBook: 3 Games. D37: Queen's Gambit Declined: 5 Bf4} O-O 8. Bg2 Nxc5 9. O-O {The position is equal.} dxc4 10. Ne5 Qxd1 $146 ({Black should play} 10... Nd5 $14) ({Find the theoretical novelty and annotate with similar games:} 10... Qb6 11. Qd4 Ncd7 12. Qxc4 Nxe5 13. Bxe5 Bd7 14. Rfd1 Rfc8 {½-½ (31) Krasenkow,M (2655)-Bruzon Batista,L (2677) Merida 2005}) 11. Rfxd1 $16 Bd7 12. Nxd7 Nfxd7 {[#]} 13. Bxb7 $1 {[%mdl 512]} Rad8 (13... Nxb7 14. Rxd7) 14. Bc6 g5 15. Be3 Ne5 16. Bb5 Rxd1+ 17. Rxd1 Rb8 18. Bd4 Bd6 {[#]} 19. f4 $1 {[%cal Rf4e5]} gxf4 20. gxf4 Ng6 21. Bxc4 a6 22. b3 $36 {[%mdl 2048] Keeping Black busy.} Nxf4 {[#]} 23. Be3 $1 Be5 24. Bxc5 Bxc3 25. Bxa6 Ra8 26. Rd6 Be5 27. Rc6 Rd8 28. Kf2 Rd1 29. a4 {[%cal Ba2a4,Ba4a5,Ba5a6][%mdl 32]} Kg7 (29... Rh1 $142 30. Kf3 Rxh2) 30. a5 $18 Kg6 $2 (30... Rh1 31. Kf3 Rxh2) 31. Bd3+ Kh5 (31... Nxd3+ {was worth a try.} 32. exd3 Rc1) 32. Be3 Nd5 33. a6 {And now a7 would win.} ({Less strong is} 33. Bxh7 Rh1 $16) 33... Bxh2 {Strongly threatening ...Bg1+.} 34. Kg2 ({Not} 34. a7 Nxe3 35. Bg6+ (35. Bxh7 $2 Ng4+ 36. Kf3 Ra1 $19) 35... hxg6 $11) 34... Bb8 35. Rc5 Ra1 {If Black can now play ...f5 this consolidates a bit.} 36. Bd4 {White is clearly winning.} Ra3 (36... Ra2 $142 37. Rb5 Bd6) 37. e4 {[%cal Be2e4,Be4d5][%mdl 32]} Ba7 38. exd5 Rxb3 39. Be2+ Kg6 40. d6 Rb4 41. Rc4 {Precision: White = 84%, Black = 38%.} 1-0

[Event "78th Armenian Chess Ch"]
[Site "Yerevan"]
[Date "2017.08.11"]
[Round "3"]
[White "Shahinyan, David"]
[Black "Sargsyan, Shant"]
[Result "1/2-1/2"]
[WhiteElo "2428"]
[BlackElo "2416"]
[Annotator "TA"]
[PlyCount "123"]
[EventDate "2017.??.??"]
[EventCountry "ARM"]
[SourceTitle "playchess.com"]
[Source "ChessBase"]
[SourceQuality "1"]

{[%evp 30,123,23,23,21,22,11,0,12,13,14,13,26,41,72,72,81,72,72,72,80,73,71,69,72,67,114,114,122,114,115,104,117,125,98,56,56,8,8,22,59,55,54,59,57,0,0,0,0,0,0,0,8,8,8,8,8,8,8,2,26,8,10,10,10,10,10,10,19,0,0,0,0,0,8,0,31,31,31,31,31,31,31,0,8,8,8,8,8,0,0,0,8,8,8,8]} 1. g3 e5 2. c4 Nf6 3. Bg2 d5 4. cxd5 Nxd5 5. Nc3 Nb6 6. d3 Be7 7. Nf3 Nc6 8. O-O O-O 9. a3 Be6 10. b4 f6 11. Bb2 a5 {A29: English Opening: Four Knights Variation with 4 g3} 12. b5 Nd4 13. Nxd4 exd4 14. Na4 Bd5 15. Bh3 Bf7 16. Rc1 {LiveBook: 5 Games} Re8 17. Bg2 Rb8 {[#]} 18. Qc2 $146 ({Predecessor:} 18. Re1 Bf8 19. Nc5 {1-0 (43) Jobava,B (2616)-Cheparinov,I (2555) Antalya 2004}) 18... Qd6 19. Nxb6 cxb6 20. Qc7 Qxc7 21. Rxc7 Bc5 22. Re1 a4 23. Rxb7 Rxb7 24. Bxb7 Bb3 25. Bc6 Re7 26. Kf1 Kf7 27. Rc1 {[#] Threatens to win with Rxc5!} Be6 28. Ke1 Bg4 29. f3 Be6 30. e4 dxe3 31. d4 Bd6 32. Ke2 Bb3 33. Rc3 h5 34. f4 h4 35. Bf3 $1 hxg3 36. hxg3 Rc7 {next ...Rxc3 is good for Black.} 37. Bc6 (37. Rc6 $1 $14) 37... Re7 38. Rxe3 g5 39. Bc1 gxf4 40. gxf4 f5 41. Rxe7+ Kxe7 $11 {[%mdl 4096] Endgame KBB-KBB} 42. Kd3 Ke6 43. Bf3 Be7 44. Kc3 Bh4 45. Be2 (45. d5+ $5 Bxd5 46. Bd1 $16) 45... Kd5 46. Bd2 Be7 47. Bd3 Bxa3 48. Bxf5 Be7 49. Bc8 Ke4 50. Bh3 Bf7 51. Bg2+ Kf5 52. Be3 {White wants to play d5.} (52. d5 $5 {[%cal Rd2e3]}) 52... a3 53. d5 Be8 54. Bf1 Ke4 55. Bxb6 {[#] Black must now prevent Bc7.} Kxd5 56. Bg2+ Ke6 {The position is equal.} 57. Bc6 Bxc6 58. bxc6 Bd6 59. Kb3 (59. f5+ $5 Kxf5 60. c7 (60. Kb3 Ke5 $11) 60... Bxc7 61. Bxc7 $11) 59... Bxf4 60. Kxa3 Kd5 61. c7 Bxc7 62. Bxc7 {Precision: White = 65%, Black = 53%.} 1/2-1/2

[Event "78th Armenian Chess Ch"]
[Site "Yerevan"]
[Date "2017.08.11"]
[Round "3"]
[White "Danielyan, Vahe"]
[Black "Torosyan, Norayr"]
[Result "1/2-1/2"]
[WhiteElo "2344"]
[BlackElo "2350"]
[Annotator "TA"]
[PlyCount "58"]
[EventDate "2017.??.??"]
[EventCountry "ARM"]
[SourceTitle "playchess.com"]
[Source "ChessBase"]
[SourceQuality "1"]

{[%evp 13,58,-15,-8,-31,-18,-58,-52,-68,-44,-61,-48,-98,-100,-122,-72,-133,-122,-113,-110,-116,-109,-193,-162,-162,-160,-164,-82,-82,-82,-82,-82,-82,-82,-82,-82,-82,-82,-110,-110,-110,-110,-110,-100,-110,-110,-110,-110]} 1. d4 Nf6 2. Bg5 e6 3. Nc3 h6 4. Bxf6 Qxf6 5. e4 Bb4 6. Qd3 {A45: Trompowsky Attack} (6. Qd2 d6 7. a3 Ba5 8. Nge2 Nc6 9. Rd1 O-O 10. f4 e5 11. dxe5 dxe5 12. b4 Bb6 13. f5 Ne7 14. Na4 Qh4+ 15. Ng3 {½-½ (39) Nakamura,H (2793)-Caruana,F (2787) Saint Louis 2015}) 6... d5 7. e5 Qd8 {LiveBook: 6 Games} 8. O-O-O {The position is equal.} c5 9. f4 $146 ({Predecessor:} 9. Qg3 O-O 10. dxc5 Qa5 11. f4 Nc6 12. f5 Bxc3 13. f6 Bxb2+ 14. Kxb2 {1-0 (41) Gohil,H (2375)-Seel,C (2491) Germany 2005}) 9... c4 10. Qe3 Qa5 11. Nge2 b5 (11... Bxc3 $5 12. Nxc3 Nc6 $15) 12. f5 {[#]} Bxc3 $1 13. bxc3 Qxa2 {White must now prevent ...a5.} 14. g4 (14. Nf4 $142) 14... Nc6 $17 {Strongly threatening ...b4.} ({Weaker is} 14... exf5 15. Bg2 $16) 15. Kd2 Na5 ({Inferior is} 15... exf5 16. Bg2 $16) 16. Nc1 Qb2 17. f6 (17. Bg2 $17) 17... g6 18. h4 Bd7 19. Bg2 Nb3+ ({Better is} 19... Rb8 $19 20. Rdg1 Bc6) 20. Nxb3 {Black is better.} cxb3 21. Qd3 Qxc2+ 22. Qxc2 bxc2 23. Ra1 a5 24. Kxc2 Kd8 25. Rhb1 Kc7 26. Bf1 Rhb8 27. Bd3 Bc6 28. h5 g5 29. Rb2 Ra7 {Precision: White = 42%, Black = 77%.} 1/2-1/2